Catalog

Record Details

Catalog Search



Sprechen Sie Deutsch? : učebnice němčiny pro střední a jazykové školy ; [kniha pro učitele] 2. Cover Image Book Book

Sprechen Sie Deutsch? : učebnice němčiny pro střední a jazykové školy ; [kniha pro učitele] [Doris Dusilová ... et al. ; ilustrace Richard Fischer] 2.

Dusilová, Doris (Author). Kolocová, Vladimíra (Added Author). Brožíková, Lucie (Added Author). Goedert, Ralf (Added Author).

Record details

  • ISBN: 80-86195-14-7
  • ISBN: brož.
  • Physical Description: 278 s., [74] s. il. (některé barev.) 30 cm
  • Edition: 2., přeprac. vyd.
  • Publisher: Praha Polyglot 2004

Content descriptions

General Note:
5000 výt.

LDR 00871ntm a22 a 4500
00112333
003CZ-PrJAB
00520090826000000.0
008050603s2004 xr e |||| |cze
009CZ
020 . ‡a80-86195-14-7 ‡abrož.
035 . ‡a(CONS)12333
035 . ‡aKPS0014208
040 . ‡a
0410 . ‡acze ‡ager
080 . ‡a371.3 ‡a(072) ‡a811.112.2
10011. ‡78305 ‡aDusilová, Doris
2451 . ‡aSprechen Sie Deutsch? : ‡bučebnice němčiny pro střední a jazykové školy ; [kniha pro učitele] ‡c[Doris Dusilová ... et al. ; ilustrace Richard Fischer] ‡n2.
250 . ‡a2., přeprac. vyd.
260 . ‡aPraha ‡bPolyglot ‡c2004
300 . ‡a278 s., [74] s. ‡bil. (některé barev.) ‡c30 cm
500 . ‡a5000 výt.
653 . ‡aučebnice němčiny
694 . ‡aJZ-3.2.2
70011. ‡711435 ‡aKolocová, Vladimíra
70011. ‡710743 ‡aBrožíková, Lucie
70011. ‡78307 ‡aGoedert, Ralf
999 . ‡aJZ-3.2.2 ‡c18701 ‡i424480017754 ‡l ‡tP
910 . ‡aABG312
901 . ‡a12333 ‡bUnknown ‡c12333 ‡tbiblio

Additional Resources